000 00593nam a2200253Ia 4500
005 20260121161141.0
008 008 260114s9999 xx 000 0 eng d
020 _a9781315111827
037 _aEBOOK
040 _aCRL
040 _beng
040 _cCRL
041 _2eng
041 _aeng
084 _qCRL
100 _a D. F. Buxton
_91040829
245 4 _aThe Challenge of Bolshevism
260 _bTaylor and Francis
260 _c1928
856 _uhttp://www.taylorfrancis.com/books/9781315111827
942 _cEBOOK
999 _c1607645
_d1607645